Το είναι και γίγνεσθαι : προβλήματα διαλεκτικής της φύσης
Αποθηκεύτηκε σε:
| Κύριος συγγραφέας: | |
|---|---|
| Μορφή: | Βιβλίο |
| Γλώσσα: | Greek |
| Δημοσίευση: |
Αθήνα :
Δωδώνη,
1975
|
| Έκδοση: | 2η έκδ. |
| Θέματα: | |
| Ετικέτες: |
Προσθήκη ετικέτας
Δεν υπάρχουν, Καταχωρήστε ετικέτα πρώτοι!
|
MARC
| LEADER | 00000cam a2200000 i 4500 | ||
|---|---|---|---|
| 001 | 1/86721 | ||
| 008 | 051003s1975 gre d | ||
| 035 | |l 10080628 | ||
| 040 | |a GR-MY-UA |b gre |e aacr | ||
| 041 | 0 | |a gre | |
| 082 | 0 | |a 146.32 | |
| 100 | 1 | |a Μπιτσάκης, Ευτύχης Ι., |d 1927- | |
| 245 | 1 | 3 | |a Το είναι και γίγνεσθαι : |b προβλήματα διαλεκτικής της φύσης / |c Ευτύχης Μπιτσάκης |
| 250 | |a 2η έκδ. | ||
| 260 | |a Αθήνα : |b Δωδώνη, |c 1975 | ||
| 300 | |a 456 σ.; |c 23 εκ. | ||
| 500 | |a Περιέχει βιβλιογραφικές παραπομπές | ||
| 500 | |a Δεύτερη έκδοση ξαναδουλεμένη και συμπληρωμένη | ||
| 650 | 0 | 0 | |a Dialectical materialism. |
| 650 | 0 | 0 | |a Theory (Philosophy) |
| 852 | |a INST |b RHODES |c KRI |e 20051003 |h 146.32 ΜΠΙ |p 005400028091 |q 005400028091 |t BK |y 0 | ||
| 901 | |a BIBL4-2005-3 | ||
| 909 | |a Ρ |b 122394 |c 1998 | ||
| 970 | |a ΣΙΔΕΡΗ |b ΝΕΚΤΑΡΙΑ |z 2005/10/03 | ||